| 000 | 00000cas 2200000zi 4500 |
| 001 | 9.958094 |
| 003 | CaOODSP |
| 005 | 20260410082744 |
| 006 | m o d f |
| 007 | cr cn |||||||| |
| 008 | 251209c20149999oncar p o f0###b0fre|d |
| 022 | |a3110-9659 |
| 040 | |aCaOODSP|bfre|erda|cCaOODSP |
| 043 | |an-cn--- |
| 086 | 1 |aA101-20F-PDF |
| 222 | 0|aRapport annuel |b(Projet sur les aliments destinés aux enfants (Canada)) |
| 245 | 00|aRapport annuel ... / |bProjet sur les aliments destinés aux enfants. |
| 246 | 3 |iLes livraisons de 2014/2015, 2018/2019 comportent le titre : |aRapport final |
| 246 | 3 |iLe livraison de 2022 comport le titre : |aProjet d'alimentation pour enfants - rapport annuel |
| 246 | 34|aProjet sur les aliments destinés aux enfants de ... - rapport annuel |
| 264 | 1|a[Ottawa] : |bAgence canadienne d'inspection des aliments = Canadian Food Inspection Agency, |c[2015]- |
| 310 | |aAnnuel |
| 336 | |atexte|btxt|2rdacontent/fre |
| 337 | |ainformatique|bc|2rdamedia/fre |
| 338 | |aressource en ligne|bcr|2rdacarrier/fre |
| 362 | 1 |aParaît depuis : 2014/2015. |
| 500 | |aPublié aussi en anglais sous le titre : Annual report. |
| 588 | |aDescription d'après : 2022. |
| 588 | |aDernière livraison consultée : 2022. |
| 650 | 6|aAliments pour nourrissons|xContamination|zCanada|vPériodiques. |
| 655 | 7|aPériodiques|2rvmgf |
| 710 | 2 |aAgence canadienne d'inspection des aliments, |eorganisme de publication. |
| 775 | 08|tAnnual report / |w(CaOODSP)9.905055 |
| 780 | 00|tProjet sur les aliments destinés aux enfants : |w(CaOODSP)9.905067 |